[Event "IECG CF.2005.0.00072 email"]
[Site "IECG email"]
[Date "2005.06.04"]
[Round "?"]
[White "Guimaraes, Welbert"]
[Black "Ong, Allan C"]
[Result "1-0"]
[WhiteElo "1000"]
[BlackElo "923"]
[PlyCount "69"]
[EventDate "2005.06.04"]
[EventType "tourn (corr)"]
[EventRounds "6"]
[SourceTitle "Corr 2008"]
[Source "ChessBase"]
[SourceDate "2008.06.24"]
[SourceVersion "1"]
[SourceVersionDate "2008.06.24"]
[SourceQuality "1"]

1. Nf3 Nf6 2. g3 d6 3. d4 c6 4. Bg2 Nbd7 5. 0-0 e5 6. dxe5 dxe5 7. b3 Bc5 8. Bb2 e4 9. Nd4 0-0 10. e3 Ne5 11. Nd2 Bg4 12. Qc1 Bxd4 13. Bxd4 Nf3+ 14. Nxf3 exf3 15. Bh1 Ne4 16. Qb2 Ng5 17. h4 Ne6 18. Rad1 Qa5 19. c4 Qf5 20. Rd2 Rad8 21. Bxa7 Rxd2 22. Qxd2 Rd8 23. Qb4 Qd3 24. Re1 Qd2 25. a3 Qb2 26. Qxb7 Qxa3 27. Bb6 Qxb3 28. Qxc6 Qc3 29. Rf1 Bh3 30. Bxd8 Bxf1 31. Qe8+ Nf8 32. Be7 h6 33. Qxf8+ Kh7 34. Qxf7 Bxc4 35. Qxf3 1-0

[Event "IECG CF.2005.0.00072 email"]
[Site "IECG email"]
[Date "2005.06.04"]
[Round "?"]
[White "Metz, Patrick"]
[Black "Guimaraes, Welbert"]
[Result "0-1"]
[WhiteElo "1000"]
[BlackElo "1000"]
[PlyCount "70"]
[EventDate "2005.06.04"]
[EventType "tourn (corr)"]
[EventRounds "6"]
[SourceTitle "Corr 2008"]
[Source "ChessBase"]
[SourceDate "2008.06.24"]
[SourceVersion "1"]
[SourceVersionDate "2008.06.24"]
[SourceQuality "1"]

1. e4 c6 2. d4 d5 3. f3 dxe4 4. fxe4 e5 5. Nf3 exd4 6. Qxd4 Qxd4 7. Nxd4 Bc5 8. Be3 Nf6 9. Nc3 0-0 10. Bc4 Re8 11. Bd3 Bb4 12. 0-0 Bxc3 13. bxc3 Nxe4 14. Bxe4 Rxe4 15. Rf3 Bg4 16. Rg3 Nd7 17. h3 Rae8 18. Bf2 Be6 19. Rb1 b6 20. Nxc6 Ra4 21. Nd4 Rxa2 22. Re3 Nf6 23. Re2 Nd5 24. Be1 Bd7 25. c4 Rxe2 26. Nxe2 Ne3 27. c5 Rxc2 28. cxb6 axb6 29. Kf2 Nxg2 30. Rd1 Nf4 31. Rxd7 Rxe2+ 32. Kf3 g5 33. Bg3 Re6 34. Kg4 h6 35. Bxf4 Re4 0-1

[Event "IECG CF.2002.0.00024 email"]
[Site "IECG email"]
[Date "2002.05.15"]
[Round "?"]
[White "Guimaraes, Welbert"]
[Black "Van Herreweghe, Frank"]
[Result "0-1"]
[WhiteElo "1000"]
[BlackElo "1000"]
[PlyCount "42"]
[EventDate "2002.05.15"]
[EventType "tourn (corr)"]
[EventRounds "6"]
[SourceTitle "Corr 2008"]
[Source "ChessBase"]
[SourceDate "2008.06.24"]
[SourceVersion "1"]
[SourceVersionDate "2008.06.24"]
[SourceQuality "1"]

1. Nf3 Nf6 2. g3 Nc6 3. d4 d5 4. Bg2 e6 5. 0-0 Bd6 6. Nbd2 0-0 7. c4 Bb4 8. c5 b6 9. a3 Bxd2 10. Bxd2 bxc5 11. dxc5 Ne4 12. Bf4 g5 13. Be3 f5 14. Nd4 Nxd4 15. Qxd4 g4 16. Rad1 Ba6 17. Rfe1 c6 18. f3 gxf3 19. exf3 Nf6 20. Bh6 Re8 21. g4 fxg4 0-1

[Event "IECG CF.2002.0.00024 email"]
[Site "IECG email"]
[Date "2002.05.15"]
[Round "?"]
[White "Mack, Lienhard"]
[Black "Guimaraes, Welbert"]
[Result "1/2-1/2"]
[WhiteElo "1100"]
[BlackElo "1000"]
[PlyCount "31"]
[EventDate "2002.05.15"]
[EventType "tourn (corr)"]
[EventRounds "6"]
[SourceTitle "Corr 2008"]
[Source "ChessBase"]
[SourceDate "2008.06.24"]
[SourceVersion "1"]
[SourceVersionDate "2008.06.24"]
[SourceQuality "1"]

1. e4 c6 2. d4 d5 3. Nc3 dxe4 4. Nxe4 Nd7 5. Nf3 Ngf6 6. Nxf6+ Nxf6 7. Bc4 e6 8. 0-0 g6 9. Bf4 Bd6 10. Bxd6 Qxd6 11. Re1 0-0 12. c3 b5 13. Bd3 Bb7 14. Ne5 Rac8 15. Rc1 Nd7 16. Qe2 1/2-1/2

[Event "IECG CF.2002.0.00024 email"]
[Site "IECG email"]
[Date "2002.05.15"]
[Round "?"]
[White "Zagorski, Franck"]
[Black "Guimaraes, Welbert"]
[Result "1-0"]
[WhiteElo "1000"]
[BlackElo "1000"]
[PlyCount "37"]
[EventDate "2002.05.15"]
[EventType "tourn (corr)"]
[EventRounds "6"]
[SourceTitle "Corr 2008"]
[Source "ChessBase"]
[SourceDate "2008.06.24"]
[SourceVersion "1"]
[SourceVersionDate "2008.06.24"]
[SourceQuality "1"]

1. e4 c6 2. d4 d5 3. Nc3 dxe4 4. Nxe4 Nd7 5. Bc4 Ngf6 6. Ng5 e6 7. Qe2 Nb6 8. Bb3 h6 9. N5f3 Bd6 10. Ne5 Qc7 11. Ngf3 c5 12. Be3 Nbd5 13. 0-0-0 Nxe3 14. fxe3 0-0 15. g4 a5 16. a4 b5 17. axb5 a4 18. Bc4 a3 19. Rhf1 1-0